000 00361nam a2200145 i 4500
001 bg
100 1 _aANGELE, H. P.
245 0 _aChromatography :
_bEnglish-Deutsch-Französich-Russisch /
_coprac H.P. Angele.
260 _aBerlin,
_c1969.
040 _cBPK
041 _apol
080 _a543.5(038)
942 _cKS
008 s pl f |000 0 pol
999 _c9035
_d9035
856 _uhttp://koha.tu.koszalin.pl/cgi-bin/koha/opac-detail.pl?biblionumber=9035
_yKatalog online BPK